Złota Piłka 2014 - Top 10 - Statystyki

Ogólne statystyki
  • Ten quiz został rozwiązany 399 razy
  • Średni wynik to 7 z 10
Statystyki odpowiedzi
Lp. Kraj Klub Zawodnik % Poprawnych
1 Real Madryt Portugalia Cristiano Ronaldo
99%
2 Barcelona Argentyna Lionel Messi
96%
7 Barcelona Brazylia Neymar
83%
3 Bayern Niemcy Manuel Neuer
80%
4 Bayern Holandia Arjen Robben
75%
8 Real Madryt Kolumbia James Rodriguez
75%
5 Bayern Niemcy Thomas Muller
74%
9 Real Madryt Niemcy Toni Kroos
67%
10 Man United Argentyna Angel Di Maria
55%
6 Bayern Niemcy Philipp Lahm
22%
Nie znaleziono quizów pasujących do podanych kryteriów
Rozkład punktacji
Procent ludzi z każdym wynikiem
Percentyl według liczby udzielonych odpowiedzi
Twoja historia wyników
Nie rozwiązałeś tego quizu